Word Ladder: A Tale of Two US Cities Quiz Stats

 Plays Quiz Updated Oct 10, 2012

Support Sporcle.
Go Orange.
Score 0/12 Timer 02:00
0 Plays Today
Clues Three-Letter Ladder % Correct
Largest US city (2 words)▶NЕW◀
94.4%
Cruise or Hanks / Break into a computerTОM
83.5%
Pixar's '____ Story' / The Herald Angels SingTОY
80.5%
Not girl / Rabbit relativeBОY
78.8%
Bovine animal / Close with a keyCОW
78.2%
Website suffix / Shortage of something.CОM
72.6%
Make with needle and thread / Irish citySЕW
64.8%
Female pig / Male birdSОW
61.9%
Hamburger bread / PitВUN
58.8%
____ Appétit / Healthy and strongBОN
55.5%
Here Comes the ____ / Water sprayerЅUN
53.5%
10th largest US city, capital of Costa Rica (2 words)▶SAN◀
47.4%

Today's Daily Dose

You're not logged in!

Compare scores with friends on all Sporcle quizzes.
OR
Log In

From the Vault

Finish the Famous Draco Malfoy Quote

by lolshortee

Someone out there liked him better as a ferret.
Remove Ads.
Support Sporcle.
Get the best of Sporcle when you Go Orange. This ad-free experience offers more features, more stats, and more fun while also helping to support Sporcle. Thank you for becoming a member.

Show Comments

Extras

Top Quizzes Today


Score Distribution

Your Account Isn't Verified!

In order to create a playlist on Sporcle, you need to verify the email address you used during registration. Go to your Sporcle Settings to finish the process.

Report this User

Report this user for behavior that violates our Community Guidelines.

Details: